Eco-Economy: (Record no. 6987)

000 -LEADER
fixed length control field 00515nam a22001577a 4500
008 - FIXED-LENGTH DATA ELEMENTS--GENERAL INFORMATION
fixed length control field 151001b xxu||||| |||| 00| 0 eng d
020 ## - INTERNATIONAL STANDARD BOOK NUMBER
International Standard Book Number 0393321932
050 ## - LIBRARY OF CONGRESS CALL NUMBER
Classification number HC 79 .E5B76 2001
100 ## - MAIN ENTRY--PERSONAL NAME
Personal name Brown, Lester R.
Dates associated with a name 2001.
245 ## - TITLE STATEMENT
Title Eco-Economy:
Remainder of title Bulding an Economy for the Earth/
Statement of responsibility, etc. Lester R.Brown.-
250 ## - EDITION STATEMENT
Edition statement 1st ed.:
260 ## - PUBLICATION, DISTRIBUTION, ETC. (IMPRINT)
Place of publication, distribution, etc. New York;
Name of publisher, distributor, etc. W. W. Norton & Company,
Date of publication, distribution, etc. 2001.
300 ## - PHYSICAL DESCRIPTION
Extent xiii, 333p:ill.
Other physical details includes index
760 ## - MAIN SERIES ENTRY
Edition 1st ed.
942 ## - ADDED ENTRY ELEMENTS (KOHA)
Source of classification or shelving scheme
Koha item type Hard Covered Materials
Classification part HC 79 .E5B76 2001
Holdings
Withdrawn status Lost status Source of classification or shelving scheme Damaged status Not for loan Home library Current library Date acquired Source of acquisition Total Checkouts Full call number Barcode Date last seen Price effective from Koha item type
          MACHAKOS UNIVERSITY LIBRARY MACHAKOS UNIVERSITY LIBRARY 01/10/2015 DONATION (BFA)   HC 79 .E5B76 2001 13082 01/10/2015 01/10/2015 Hard Covered Materials
© Machakos University Library, Along The Highway, Machakos Wote Rd, Machakos, Kenya P.O. Box 136 - 90100 Machakos - Kenya

Tel: ( +254 ) 723 805829 OR Fax : 044-20353 OR Email: library@mksu.ac.ke